Günün içinden (Record no. 171)
[ view plain ]
| 000 -BAŞLIK | |
|---|---|
| Sabit Uzunlukta Kontrol Alanı | 00630na a2200217 4500 |
| 001 - KONTROL NUMARASI | |
| Denetim Alanı | 15864 |
| 003 - KONTROL NUMARASI IDENTIFIER | |
| Denetim Alanı | MIRAKIL |
| 005 - SON İŞLEM TARİHİ VE ZAMANI | |
| Denetim Alanı | 20181213154737.0 |
| 008 - SABİT-BOY VERİ ELEMANLARI - GENEL BİLGİLER | |
| Sabit Uzunlukta Kontrol Alanı | 160925b tu 000 0 |
| 040 ## - KATALOGLAMA KAYNAK | |
| Orijinal Kataloglama Ajansı | Milas |
| Kataloglama Dili | tur |
| Metne Dönüştürmek Ajansı | TR-AnCHP |
| 082 ## - DEWEY ONLU SINIFLANDIRMA NUMARASI | |
| Sınıflandırma Numarası | 070.442 |
| Ürün Numarası | S69g 1975 |
| 090 ## - SINIFLAMA NUMARASI | |
| Sınıflama Numarası | 070.442 S69g 1975 |
| 100 ## - ANA GİRİŞ - KİŞİSEL İSİM | |
| Kişisel Ad | Soysal, İlhami |
| Bir Adıyla İlişkilendirilen Tarihler | 1928-1992 |
| 245 ## - BAŞLIK TABLOSU | |
| Başlık | Günün içinden |
| Başlığın Kalan | Dünden bugüne gazete yazıları |
| Sorumluluk Tablosu, Vb | İlhami Soysal |
| 246 ## - UNVAN FORM VARYING | |
| Başlık Doğru / Kısa Başlığı | Dünden bugüne gazete yazıları |
| 260 ## - YAYIN, DAĞITIM, VB | |
| Yayın, Dağıtım, Vb Yeri | Ankara |
| Yayıncı, Dağıtıcı, Vs Adı | Bilgi |
| Yayın, Dağıtım, Vb Tarihi | 1975 |
| 300 ## - FİZİKSEL TANIM | |
| Kapsam | 394 s. |
| Boyutlar | 20 sm. |
| 490 ## - SERİSİ TABLOSU | |
| Seri Beyanı | Bilgi dizisi |
| Hacim / Ardışık Tanımı | 27 |
| 600 ## - KONU KATMA GİRİŞ - KURUMSAL ADI | |
| Kişisel Ad | Soysal, İlhami |
| Genel Alt Bölümü | Gazete yazıları |
| 942 ## - EKLENDİ GİRİŞ ELEMANLARI (KOHA) | |
| Sınıflandırma Veya Raf Düzeni Kaynak | Dewey Decimal Classification |
| Koha Öğesi Türü | Books |
| 999 ## - SİSTEM KONTROL NUMARALARI (KOHA) | |
| Koha Biblionumber | 171 |
| Koha Biblioitemnumber | 171 |
| Kalıcı Konum | Mevcut Konum | Edinme Tarihi | Edinim Kaynak | Toplam Check-Out'Lar | Tam Çağrı Numarası | Barkod | Tarih Son Görülme | İtibaren Geçerli Fiyatlar | Koha Öğesi Türü |
|---|---|---|---|---|---|---|---|---|---|
| CHP Kütüphanesi | CHP Kütüphanesi | 09/25/2016 | Bağış | 070.442 S69g 1975 | 004200 | 09/25/2016 | 09/25/2016 | Books |
